00923nam a2200241Ia 4500008004100000020001700041040001400058082002400072100003300096245004000129260003500169300001300204365002800217366000800245505002000253620012900273630004000402650002700442730004000469942000900509999001900518952014400537100315s9999 xx 000 0 und d a8176481432  cENGLISH  b3515 a658.15244  a"Singh, Meera, Singh, H.K. " aFinancial Management for Accounting aNew Delhi bA.P.H.  c2000  a277p.   eRupees d1 b600.00  f0  gTushar Jadhav  a"Altermative Debts Finanncing Options in the Global Market, Development & Emerging Trends of Indian Mutual Funds industry " aFinancial Management for Accounting aFinancial Management  aFinancial Management for Accounting cBOOK c478250d478247 00104070aVPMBRIMSbVPMBRIMSd2006-02-18g600.00l0o658.15244 /SIN/SIN  3515 pVPMBRIMS-3515 r2010-03-19 00:00:00w2010-03-19yBOOK